New York City - a symbol / (Record no. 18740)

MARC details
000 -LEADER
fixed length control field 00814cam a2200265Ia 4500
001 - CONTROL NUMBER
control field 959887813
003 - CONTROL NUMBER IDENTIFIER
control field AUA.1
005 - DATE AND TIME OF LATEST TRANSACTION
control field 20171006124629.0
008 - FIXED-LENGTH DATA ELEMENTS--GENERAL INFORMATION
fixed length control field 161004s2015 mdu 000 0 eng d
020 ## - INTERNATIONAL STANDARD BOOK NUMBER
International Standard Book Number 9781943507009
020 ## - INTERNATIONAL STANDARD BOOK NUMBER
International Standard Book Number 1943507007
035 ## - SYSTEM CONTROL NUMBER
System control number (OCoLC)959887813
040 ## - CATALOGING SOURCE
Original cataloging agency OXG
Language of cataloging eng
Transcribing agency OXG
Modifying agency OCLCQ
-- LMR
-- EXN
043 ## - GEOGRAPHIC AREA CODE
Geographic area code n-us-ny
049 ## - LOCAL HOLDINGS (OCLC)
Holding library EXNh
050 #4 - LIBRARY OF CONGRESS CALL NUMBER
Classification number BX6127.21 .N48
Item number L86 2015
100 1# - MAIN ENTRY--PERSONAL NAME
Personal name Luppens, John.
245 10 - TITLE STATEMENT
Title New York City - a symbol /
Statement of responsibility, etc John Luppens.
250 ## - EDITION STATEMENT
Edition statement 2nd edition, revised.
260 ## - PUBLICATION, DISTRIBUTION, ETC. (IMPRINT)
Place of publication, distribution, etc [Silver Spring, MD] :
Name of publisher, distributor, etc Global Mission Urban Center,
Date of publication, distribution, etc 2015.
300 ## - PHYSICAL DESCRIPTION
Extent 99 p. :
Dimensions 21 cm.
650 #0 - SUBJECT ADDED ENTRY--TOPICAL TERM
Topical term or geographic name as entry element Seventh-Day Adventists
Geographic subdivision New York (State)
-- New York.
710 ## - ADDED ENTRY--CORPORATE NAME
Corporate name or jurisdiction name as entry element Ripples Ministry
942 ## - ADDED ENTRY ELEMENTS (KOHA)
Source of classification or shelving scheme Library of Congress Classification
Koha item type Books
Classification part BX 6127.21 .N48
Item part L86 2015
Holdings
Withdrawn status Lost status Source of classification or shelving scheme Damaged status Not for loan Collection code Home library Current library Shelving location Date acquired Source of acquisition Cost, normal purchase price Serial Enumeration / chronology Total Checkouts Full call number Barcode Date last seen Date checked out Copy number Cost, replacement price Price effective from Koha item type Total Renewals
    Library of Congress Classification     Books Judith Thomas Library Judith Thomas Library General Stacks 06/10/2017 Donation, General Conference of Seventh-day Adventists (Global Missions) 10.00 AUA21725 4 BX 6127.21 .N48 L86 2015 AUA21725 31/07/2019 23/07/2019 1 10.00 06/10/2017 Books  
    Library of Congress Classification     Books Judith Thomas Library Judith Thomas Library General Stacks 20/03/2018 Donation, General Conference of Seventh-day Adventists (Global Missions) 10.00 AUA22785 3 BX 6127.21 .N48 L86 2015 AUA22785 01/08/2019 19/07/2019 2 10.00 20/03/2018 Books 2